| 000 | 00000cam 2200000zi 4500 |
| 001 | 9.962780 |
| 003 | CaOODSP |
| 005 | 20260514082401 |
| 006 | m o d f |
| 007 | cr mn||||||||| |
| 008 | 260514s1984 onc ob f000 0 eng d |
| 040 | |aCaOODSP|beng|erda|cCaOODSP |
| 043 | |an-cn--- |
| 086 | 1 |aJS4-1/1984-77E-PDF |
| 100 | 1 |aZamble, Edward, |eauthor. |
| 245 | 13|aAn analysis of coping behaviour in prison inmates / |cEdward Zamble, Frank Porporino, Julia Kalotay. |
| 264 | 1|a[Ottawa] : |bMinistry of the Solicitor General of Canada, Secretariat, Programs Branch, |c1984. |
| 300 | |a1 online resource (1 volume (various pagings)). |
| 336 | |atext|btxt|2rdacontent |
| 337 | |acomputer|bc|2rdamedia |
| 338 | |aonline resource|bcr|2rdacarrier |
| 490 | 1 |aPrograms Branch user report ; |vno. 1984-77 |
| 500 | |aDigitized edition from print [produced by Public Safety Canada]. |
| 500 | |aIssued also in French under title: Analyse du comportement d'adaptation chez les détenus des pénitenciers. |
| 500 | |a"This working paper was prepared under contract for the Research Division and is made available as submitted to the Ministry. The views expressed are those of the authors and are not necessarily those of the Ministry of the Solicitor General of Canada." |
| 504 | |aIncludes bibliographical references (pages 148-159). |
| 520 | |a"This document is the final report for a contract between Queen's University and the Department of Supplies and Services, acting in behalf of the Corrections Research Section of the Ministry of the Solicitor General of Canada. The work specified was a research project on how penitentiary inmates cope with the world"--Prefatory note, page v. |
| 650 | 0|aPrisoners|zCanada|xAttitudes. |
| 650 | 0|aPrisoners|xSuicidal behavior|zCanada. |
| 650 | 0|aPrison psychology|zCanada. |
| 710 | 1 |aCanada. |bSolicitor General Canada. |bPrograms Branch, |eissuing body. |
| 775 | 08|tAnalyse du comportement d'adaptation chez les détenus des pénitenciers / |w(CaOODSP)9.962782 |
| 830 | #0|aUser report (Canada. Solicitor General Canada)|vno. 1984-77.|w(CaOODSP)9.808480 |
| 856 | 40|qPDF|s4.27 MB|uhttps://publications.gc.ca/collections/collection_2026/sp-ps/js4-1/JS4-1-1984-77-eng.pdf |